| 000 | 01046nam a22002537a 4500 | ||
|---|---|---|---|
| 005 | 20170124102941.0 | ||
| 010 | _aA-739622 | ||
| 020 |
_c50.00 _a8185828164 |
||
| 035 | _aA-739622 | ||
| 037 | _bCen Lib/Ret | ||
| 040 |
_aDPL _bHN |
||
| 082 |
_a821 _bउपाध्या |
||
| 100 |
_aउपाध्याय, रामनारायण _943407 |
||
| 245 |
_aक्रौंच की चीख / _cरामनारायण उपाध्याय |
||
| 246 |
_aKraunch ki cheekh _bby Ram Narayan Upadhyay |
||
| 260 |
_aनयी दिल्ली _bविद्या विहार _c1995 |
||
| 270 |
_bनयी दिल्ली _e110002 _a1685, कूचा दखनीराय , दरिया गंज |
||
| 300 |
_a104पृ. _c17सेमी (सजिल्द) |
||
| 650 |
_aहिन्दी साहित्य _948266 |
||
| 650 |
_aकविताएं _948267 |
||
| 650 |
_aHindi literature _948268 |
||
| 650 |
_aPoetry _948269 |
||
| 942 |
_2ddc _cHN _h821 _mउपाध्या |
||
| 999 |
_c112579 _d112579 |
||